书目信息 |
| 题名: |
现代企业营销
|
|
| 作者: | 邓樵 , 杨群祥 , 朱洌炜 编著 | |
| 分册: | ||
| 出版信息: | 广州 中山大学出版社 1997.03 |
|
| 页数: | 261页 | |
| 开本: | 32开 | |
| 丛书名: | ||
| 单 册: | ||
| 中图分类: | F713.5 | |
| 科图分类: | ||
| 主题词: | 商业经济--国内 | |
| 电子资源: | ||
| ISBN: | 7-360-01244-9 | |
| 000 | 00645nam0 2200217 45 | |
| 001 | 0011160767 | |
| 005 | 20001116074739.5 | |
| 010 | @a7-360-01244-9@d13.00元 | |
| 100 | @a20001116d km y0chiy0120 ea | |
| 101 | 0 | @achi |
| 105 | @a z 000yy | |
| 200 | 1 | @a现代企业营销@AXian Dai Qi Ye Ying Xiao@f邓樵,杨群祥,朱洌炜编著@FDeng Qiao,Yang Qun Xiang,Zhu Lie Wei Bian Zhu |
| 210 | @a广州@c中山大学出版社@d1997.03 | |
| 215 | @a261页@d32开 | |
| 606 | 0 | @a商业经济@x国内 |
| 690 | @aF713.5@v3 | |
| 701 | 0 | @a邓樵@4编著 |
| 701 | 0 | @a杨群祥@4编著 |
| 701 | 0 | @a朱洌炜@4编著 |
| 801 | @aCN@bPftUser@c20001116 | |
| 905 | @b410574-578@dF713.5@eD.406@f5 | |
| 现代企业营销/邓樵,杨群祥,朱洌炜编著.-广州:中山大学出版社,1997.03 |
| 261页;32开 |
| ISBN 7-360-01244-9:13.00元 |
| ● |
| 相关链接 |
|
|
|
正题名:现代企业营销
索取号:F713.5/D.406
 
预约/预借
| 序号 | 登录号 | 条形码 | 馆藏地/架位号 | 状态 | 备注 |
| 1 | 410574 | 204105743 | 社科库409/409社科库 43排1列1层/ [索取号:F713.5/D.406] | 在馆 | |
| 2 | 410575 | 204105752 | 社科二线422/409社科库 42排5列5层/ [索取号:F713.5/D.406] | 在馆 | |
| 3 | 410576 | 204105761 | 社科库409/409社科库 40排5列4层/ [索取号:F713.5/D.406] | 在馆 | |
| 4 | 410577 | 204105770 | 社科二线422/409社科库 42排5列5层/ [索取号:F713.5/D.406] | 在馆 | |
| 5 | 410578 | 204105789 | 社科库409/409社科库 40排5列4层/ [索取号:F713.5/D.406] | 在馆 |